Among Us Roles - Statistiques

Statistiques générales
  • Ce quiz a été pris 40 fois
  • Le résultat moyen est 4 sur 11
Statistiques - réponses
Hint Réponse % Correct
Impostor Viper
61%
Crewmate Crewmate
58%
Impostor Impostor
58%
Impostor Phantom
45%
Impostor Shapeshifter
45%
Crewmate Engineer
39%
Crewmate Detective
32%
Crewmate Scientist
32%
Crewmate Guardian Angel
26%
Crewmate Tracker
16%
Crewmate Noisemaker
13%
Aucun quiz correspondant
Distribution des résultats
% des personnes avec chaque résultat
Percentile par nombre de réponses
Votre historique - résultats
Vous n’avez pas pris ce quiz